¿Será? - Dayme & El High, Andy Rivera, Lenny Tavárez - Estadísticas

Estadísticas generales
  • Esta prueba ha sido intentada 1.242 veces
  • La puntuación promedio es 88 de 307
Estadísticas de respuestas
Letra % Correcto
a
100%
A
100%
80%
se
80%
de
60%
60%
De
60%
60%
No
60%
no
60%
por
60%
Por
60%
Quiero
60%
Será
60%
Si
60%
tu
60%
60%
60%
dos
40%
En
40%
la
40%
me
40%
Pa'
40%
pa'
40%
que
40%
qué
40%
sin
40%
te
40%
ti
40%
Un
40%
y
40%
Y
40%
yo
40%
Yo
40%
ahí
20%
baby
20%
entre
20%
eso
20%
esta
20%
lo
20%
los
20%
mami,
20%
quieres
20%
una
20%
Una
20%
ver
20%
anda
0%
apuesto
0%
arriesgues
0%
así
0%
atreves
0%
bailamo',
0%
bailando
0%
besarla
0%
boquita
0%
cerca
0%
champaña
0%
comerte
0%
Como
0%
conmigo
0%
conmigo,
0%
copas
0%
Cuando
0%
cuenta
0%
debes
0%
Decídete
0%
depende
0%
descontrola
0%
entiendo
0%
escaparnos
0%
Escápate
0%
esquivas
0%
estamo'
0%
ganas
0%
haces
0%
imagina',
0%
incienso
0%
inspiras
0%
mandarte
0%
Mientras
0%
mirada
0%
miras,
0%
mucho
0%
mueves
0%
nerviosa
0%
noche
0%
nos
0%
nota
0%
novio
0%
olvidas,
0%
pasar
0%
Pero
0%
pienses
0%
prohibido
0%
provoca'
0%
Puede
0%
queremos
0%
quizás
0%
señal
0%
sexo,
0%
Siento
0%
suba
0%
tal
0%
tantas
0%
tanto
0%
tengo
0%
to'a
0%
toca
0%
va
0%
vez
0%
vuelva
0%
vuelves
0%
No se encontraron pruebas coincidentes
Distribución de puntuación
Porcentaje de gente con cada puntuación
Porcentaje por número respondido
Historial de tus puntuaciones
No has intentado esta prueba.